Normal view
MARC view
- Pandey, Onkar N
Entry Personal Name
001 - CONTROL NUMBER
- control field: 84579
003 - CONTROL NUMBER IDENTIFIER
- control field: NUST
005 - DATE AND TIME OF LATEST TRANSACTION
- control field: 20211119113448.0
008 - FIXED-LENGTH DATA ELEMENTS
- fixed length control field: 211119|| aca||aabn | a|a d
040 ## - CATALOGING SOURCE
- Original cataloging agency: NUST
- Transcribing agency: NUST
100 ## - HEADING--PERSONAL NAME
- Personal name: Pandey, Onkar N
670 ## - SOURCE DATA FOUND
- Source citation: Work cat.: (NUST)32092: Pandey, Onkar N., Instrumentation and Process Control /, 2010.
